Media Watch (Record no. 197164)

MARC details
000 -LEADER
fixed length control field 00274nam a2200109 4500
008 - FIXED-LENGTH DATA ELEMENTS--GENERAL INFORMATION
fixed length control field 230817b ||||| |||| 00| 0 eng d
022 ## - INTERNATIONAL STANDARD SERIAL NUMBER
International Standard Serial Number 0976-0911
245 ## - TITLE STATEMENT
Title Media Watch
260 ## - PUBLICATION, DISTRIBUTION, ETC. (IMPRINT)
Place of publication, distribution, etc New Delhi
Name of publisher, distributor, etc Sage
Date of publication, distribution, etc 2023
300 ## - PHYSICAL DESCRIPTION
Extent vol.14 issue no.1
Dimensions 22cm
942 ## - ADDED ENTRY ELEMENTS (KOHA)
Source of classification or shelving scheme Dewey Decimal Classification
Item type Periodicals
Call number suffix MED
Serial record 1
Holdings
Withdrawn status Lost status Source of classification or shelving scheme Damaged status Not for loan Collection code Home library Current library Shelving location Date acquired Source of acquisition Total Checkouts Full call number Date last seen Price effective from Koha item type
    Dewey Decimal Classification   Not For Loan Non-fiction Central Library Central Library On Display 17/08/2023 DBAD   MED 17/08/2023 17/08/2023 Periodicals

© Delhi Public Library
Hit Counter
free hit counter